Tampa City Trivia - Statistics

General Stats
  • This quiz has been taken 75 times
    41 since last reset
  • The average score is 10 of 17
Answer Stats
Question Answer % Correct
What is the second largest city in the Tampa Bay area? St. Petersburg
100%
What is Tampa's NFL team? (think pirates) Tampa Bay Buccaneers
92%
What is Tampa's MLB team? Tampa Bay Rays
92%
What is Tampa's NHL team? Tampa Bay Lightning
88%
What Tampa theme park is based on African nature? {Busch} Gardens
79%
What county is the city of Tampa in? Hillsborough
75%
Which city in the Tampa Bay area has a beach containing Pier 60? Clearwater
71%
What county is that city in? Pinellas
67%
What Tampa neighborhood is well-known for its history in making cigars? {Ybor} City
67%
What famous cable-stayed bridge crosses the Tampa Bay? {Sunshine} Skyway
63%
The Parade of Pirates is a part of what festival event? Gasparilla
50%
Which Tim Burton movie was filmed in the community of Lutz? Edward Scissorhands
42%
What air force base is located on Tampa's Interbay Peninsula? {MacDill} AFB
38%
What genre of music are the bands Deicide and Six Feet Under known for? Death Metal
33%
Which European explorer called Tampa Bay "Espiritu Santo" in 1539? Hernando De Soto
29%
What is Tampa's nickname? (hint: tropical fruit) The Big {Guava}
29%
Modern-day Tampa was established near what 1824 fort? Fort {Brooke}
8%
No matching quizzes found
Score Distribution
Percent of People with Each Score
Percentile by Number Answered
Your Score History
You have not taken this quiz since the last reset